00477nam a2200145 a 45000010005000000030005000050050017000100080041000270200015000680400020000831110049001032450113001522600039002654900027003041615CDMR20130315111743.0130130s2000||||||||||||||||||||||||||||d a8486837979 aCDMRbcatcCDMR2 aJornades Antoni VaréscGironad2000n6enes10aImatge i recercacJORNADES ANTONI VARÉS ( VI: Girona: 2000)b: ponències, experiències i comunicacions aGironac2000bAjuntament de Girona0 aTextos i Documentsv10